000 00490nmm a2200169Ia 4500
008 251105s9999||||xx |||||||||||||||||und||
020 _a9789584640864
041 _aspa
100 _aCossio, Alexander
245 0 _aPatinando por el cielo
264 _a[Washington, Estados Unidos] :
_bDigitalia Publishing,
_c2014
300 _a169 páginas
490 _aAlexander Cossio
650 _aLatin American poetry
856 _uhttps://public.digitaliapublishing.com/a/48958
942 _cCF
999 _c95104
_d95104